<?xml version="1.0" encoding="UTF-8"?>
<collection xmlns="http://www.loc.gov/MARC21/slim">
  <record>
    <leader>00000nam  2200000   4500</leader>
    <controlfield tag="001">INLIS000000000810003</controlfield>
    <controlfield tag="005">20250925093744</controlfield>
    <datafield tag="035" ind1="#" ind2="#">
      <subfield code="a">0010-0925000128</subfield>
    </datafield>
    <datafield tag="100" ind1="#" ind2="#">
      <subfield code="a">Anna Permanasari</subfield>
    </datafield>
    <datafield tag="245" ind1="1" ind2="#">
      <subfield code="a">Kimia dalam Kehidupan Kita /</subfield>
      <subfield code="c">Anna Permanasari</subfield>
    </datafield>
    <datafield tag="260" ind1="#" ind2="#">
      <subfield code="a">Jakarta :</subfield>
      <subfield code="b">Ipa Abong,</subfield>
      <subfield code="c">2007</subfield>
    </datafield>
    <datafield tag="300" ind1="#" ind2="#">
      <subfield code="a">viii, 90 hlm. :</subfield>
      <subfield code="b">: ilus. ;</subfield>
      <subfield code="c">; 25 cm.</subfield>
    </datafield>
    <datafield tag="500" ind1="#" ind2="#">
      <subfield code="a">Bibliografi : 90</subfield>
    </datafield>
    <datafield tag="850" ind1="#" ind2="#">
      <subfield code="a">JIPUBAY</subfield>
    </datafield>
    <controlfield tag="008">250925###########################0######</controlfield>
    <datafield tag="020" ind1="#" ind2="#">
      <subfield code="a">978-979-3077-00-0</subfield>
    </datafield>
    <datafield tag="040" ind1="#" ind2="#">
      <subfield code="a">JIPUBAY</subfield>
    </datafield>
    <datafield tag="082" ind1="#" ind2="#">
      <subfield code="a">540</subfield>
    </datafield>
    <datafield tag="084" ind1="#" ind2="#">
      <subfield code="a">540 ANN k</subfield>
    </datafield>
    <controlfield tag="007">ta</controlfield>
  </record>
</collection>
